[Event "COL-chT 21st"]
[Site "Cartagena"]
[Date "2019.11.30"]
[Round "8.1"]
[White "Castrillon Gomez, Melissa"]
[Black "Lugo Lozano, Luz Adriana"]
[Result "1/2-1/2"]
[WhiteElo "2102"]
[BlackElo "1994"]
[PlyCount "83"]
[EventDate "2019.11.30"]
[EventType "team-swiss"]
[EventRounds "9"]
[EventCountry "COL"]
[SourceTitle "CBM 195 Extra"]
[Source "ChessBase"]
[SourceDate "2020.05.31"]
[SourceVersion "1"]
[SourceVersionDate "2020.05.31"]
[SourceQuality "1"]
[WhiteTeam "Antioquia"]
[BlackTeam "Atlantico"]
[WhiteTeamCountry "COL"]
[BlackTeamCountry "COL"]

1. d4 d5 2. c4 c6 3. Nf3 e6 4. Qc2 Nf6 5. e3 Bd6 6. Bd3 0-0 7. 0-0 h6 8. Nbd2 Nbd7 9. e4 dxe4 10. Nxe4 Nxe4 11. Bxe4 Nf6 12. Bd3 Re8 13. b3 Qc7 14. Bb2 b6 15. c5 Be7 16. Rfe1 Nd5 17. a3 Bb7 18. b4 a5 19. Ne5 axb4 20. Bh7+ Kf8 21. axb4 bxc5 22. dxc5 Nf6 23. Bd3 Red8 24. Qc3 Nd5 25. Qd4 Bf6 26. Qe4 Rxa1 27. Bxa1 Ra8 28. Bd4 Nxb4 29. Bb1 Nd5 30. Qh7 Ke7 31. Qe4 Bc8 32. Qg4 Bb7 33. Qh5 Kf8 34. Qf3 Ra4 35. Bb2 Rb4 36. Ba1 Ra4 37. Bb2 Rc4 38. Ba1 Ra4 39. Bb2 Rc4 40. Ba1 Ra4 41. Bb2 Rc4 42. Ba1 1/2-1/2

[Event "COL-chT 21st"]
[Site "Cartagena"]
[Date "2019.11.30"]
[Round "6.1"]
[White "Lugo Lozano, Luz Adriana"]
[Black "Dominguez, Laura Lucia"]
[Result "0-1"]
[WhiteElo "1994"]
[BlackElo "2121"]
[PlyCount "67"]
[EventDate "2019.11.30"]
[EventType "team-swiss"]
[EventRounds "9"]
[EventCountry "COL"]
[SourceTitle "CBM 195 Extra"]
[Source "ChessBase"]
[SourceDate "2020.05.31"]
[SourceVersion "1"]
[SourceVersionDate "2020.05.31"]
[SourceQuality "1"]
[WhiteTeam "Atlantico"]
[BlackTeam "Valle"]
[WhiteTeamCountry "COL"]
[BlackTeamCountry "COL"]

1. d4 Nf6 2. c4 c5 3. d5 b5 4. cxb5 a6 5. b6 Qxb6 6. Nc3 d6 7. e4 g6 8. Bc4 Bg7 9. f3 0-0 10. Nge2 Nbd7 11. 0-0 Ne5 12. Bd3 c4+ 13. Kh1 cxd3 14. Nf4 Bd7 15. a4 Rfc8 16. Nxd3 Nxd3 17. Qxd3 Rab8 18. Ra2 Qb3 19. Ra3 Qc4 20. Qd1 Rc7 21. Rf2 Qb4 22. Na2 Qb7 23. Be3 a5 24. Nc1 Bc8 25. Rc2 Rxc2 26. Qxc2 Qa6 27. Kg1 Nd7 28. Rc3 Bxc3 29. bxc3 Nc5 30. Bxc5 dxc5 31. Nd3 Qc4 32. Ne5 Qb3 33. Qd2 Qxa4 34. Kf2 0-1

[Event "COL-chT 21st"]
[Site "Cartagena"]
[Date "2019.11.30"]
[Round "1.1"]
[White "Lugo Lozano, Luz Adriana"]
[Black "Finley Rosero, Karol Valentina"]
[Result "1-0"]
[WhiteElo "1994"]
[BlackElo "1576"]
[PlyCount "39"]
[EventDate "2019.11.30"]
[EventType "team-swiss"]
[EventRounds "9"]
[EventCountry "COL"]
[SourceTitle "CBM 195 Extra"]
[Source "ChessBase"]
[SourceDate "2020.05.31"]
[SourceVersion "1"]
[SourceVersionDate "2020.05.31"]
[SourceQuality "1"]
[WhiteTeam "Atlantico"]
[BlackTeam "Narino"]
[WhiteTeamCountry "COL"]
[BlackTeamCountry "COL"]

1. d4 Nf6 2. c4 g6 3. Nc3 Bg7 4. e4 d6 5. f3 0-0 6. Be3 Nbd7 7. Nge2 e5 8. d5 a5 9. Qd2 Qe7 10. Ng3 Rd8 11. Bd3 c6 12. 0-0 cxd5 13. cxd5 b6 14. Bb5 Nc5 15. Na4 Ba6 16. Bxa6 Rxa6 17. Nc3 a4 18. Qe2 Qd7 19. Bxc5 dxc5 20. Qxa6 1-0

[Event "COL-chT 21st"]
[Site "Cartagena"]
[Date "2019.11.30"]
[Round "3.1"]
[White "Lugo Lozano, Luz Adriana"]
[Black "Matta, Paola Andrea"]
[Result "1-0"]
[WhiteElo "1994"]
[BlackElo "1909"]
[PlyCount "46"]
[EventDate "2019.11.30"]
[EventType "team-swiss"]
[EventRounds "9"]
[EventCountry "COL"]
[SourceTitle "CBM 195 Extra"]
[Source "ChessBase"]
[SourceDate "2020.05.31"]
[SourceVersion "1"]
[SourceVersionDate "2020.05.31"]
[SourceQuality "1"]
[WhiteTeam "Atlantico"]
[BlackTeam "Risaralda"]
[WhiteTeamCountry "COL"]
[BlackTeamCountry "COL"]

1. d4 Nf6 2. c4 e6 3. Nc3 Bb4 4. Qc2 c5 5. dxc5 Bxc5 6. e4 Ng4 7. Nh3 Qb6 8. Na4 Bb4+ 9. Bd2 Qa5 10. Nc3 Qc7 11. 0-0-0 a6 12. Bf4 Qb6 13. Na4 Qa5 14. f3 Nf6 15. a3 Be7 16. Be3 Bd8 17. b4 Qc7 18. Bb6 Qe5 19. Bxd8 Qa1+ 20. Kd2 Qd4+ 21. Kc1 Qa1+ 22. Kd2 Qd4+ 23. Ke1 Qe3+ 1-0

[Event "COL-chT Interligas (Women)"]
[Site "Palmira"]
[Date "2019.04.28"]
[Round "4.2"]
[White "Medina Barrios, Lina Maria"]
[Black "Lugo Lozano, Luz Adriana"]
[Result "0-1"]
[WhiteElo "1530"]
[BlackElo "1946"]
[PlyCount "66"]
[EventDate "2019.04.27"]
[EventType "team-swiss"]
[EventRounds "6"]
[EventCountry "COL"]
[SourceTitle "CBM 190 Extra"]
[Source "ChessBase"]
[SourceDate "2019.07.15"]
[SourceVersion "1"]
[SourceVersionDate "2019.07.15"]
[SourceQuality "1"]
[WhiteTeam "Tolima (W)"]
[BlackTeam "Atlantico (W)"]
[WhiteTeamCountry "COL"]
[BlackTeamCountry "COL"]

1. e4 Nf6 2. e5 Nd5 3. d4 d6 4. c4 Nb6 5. exd6 exd6 6. Nc3 Nc6 7. Be3 Be7 8. Bd3 Bf6 9. Nge2 Bg4 10. f3 Bh4+ 11. Ng3 Qe7 12. Qe2 Bh5 13. 0-0 Bxg3 14. hxg3 Bg6 15. Rfe1 0-0-0 16. Qd2 Qd7 17. a4 d5 18. Bxg6 hxg6 19. cxd5 Nxd5 20. Bf2 f5 21. Rad1 Rh5 22. Kf1 Rh1+ 23. Bg1 Qf7 24. Ne2 Nb6 25. a5 Nc4 26. Qc3 N4xa5 27. d5 Rxd5 28. Rxd5 Qxd5 29. Qxg7 Nc4 30. Qc3 N4e5 31. Nf4 Qb5+ 32. Kf2 g5 33. Ne2 Nd3+ 0-1

[Event "COL-chT Interligas (Women)"]
[Site "Palmira"]
[Date "2019.04.27"]
[Round "1.2"]
[White "Lugo Lozano, Luz Adriana"]
[Black "Mogollon Tobar, Nicolle Juliet"]
[Result "1-0"]
[WhiteElo "1946"]
[BlackElo "1452"]
[PlyCount "89"]
[EventDate "2019.04.27"]
[EventType "team-swiss"]
[EventRounds "6"]
[EventCountry "COL"]
[SourceTitle "CBM 190 Extra"]
[Source "ChessBase"]
[SourceDate "2019.07.15"]
[SourceVersion "1"]
[SourceVersionDate "2019.07.15"]
[SourceQuality "1"]
[WhiteTeam "Atlantico (W)"]
[BlackTeam "Valle Talentos Palmira (W)"]
[WhiteTeamCountry "COL"]
[BlackTeamCountry "COL"]

1. d4 d5 2. Bf4 Nf6 3. e3 Bf5 4. Nf3 e6 5. Bd3 Bg6 6. Ne5 Be7 7. Nd2 Nbd7 8. h3 0-0 9. Bxg6 hxg6 10. Qf3 Nxe5 11. dxe5 Nh7 12. 0-0-0 a5 13. h4 f6 14. Qg4 Qe8 15. Qxe6+ Qf7 16. Qxf7+ Rxf7 17. e6 Rff8 18. Bxc7 Rfc8 19. Bg3 a4 20. Nf3 Rc5 21. h5 g5 22. Nd4 Kf8 23. Rd2 b5 24. a3 Rd8 25. Nf5 Rc6 26. Rhd1 Rxe6 27. Nxe7 Kxe7 28. Rxd5 Rxd5 29. Rxd5 Rb6 30. f3 Nf8 31. e4 Ne6 32. b3 b4 33. Kb2 bxa3+ 34. Kxa3 axb3 35. cxb3 Ra6+ 36. Kb4 Ra2 37. Bd6+ Kf7 38. g4 Rf2 39. Rd3 Ra2 40. Kb5 Ra8 41. b4 Rd8 42. Kc4 Rc8+ 43. Bc5 Nxc5 44. bxc5 Ke7 45. Kb5 1-0

[Event "COL-ch pre olympic (Women)"]
[Site "Bagre"]
[Date "2018.06.22"]
[Round "7"]
[White "Lugo Lozano, Luz Adriana"]
[Black "Mateus, Martha"]
[Result "0-1"]
[WhiteElo "1941"]
[BlackElo "2127"]
[PlyCount "68"]
[EventDate "2018.06.18"]
[EventType "tourn"]
[EventRounds "11"]
[EventCountry "COL"]
[SourceTitle "CBM 185 Extra"]
[Source "ChessBase"]
[SourceDate "2018.07.29"]
[SourceVersion "1"]
[SourceVersionDate "2018.07.29"]
[SourceQuality "1"]

1. e4 c5 2. Nf3 a6 3. Nc3 d6 4. d4 cxd4 5. Nxd4 Nf6 6. Be2 e5 7. Nb3 Be7 8. Be3 Be6 9. Nd5 Bxd5 10. exd5 Nbd7 11. Qd3 b6 12. 0-0 Nc5 13. Nxc5 bxc5 14. c4 0-0 15. f4 e4 16. Qc2 Qc8 17. h3 Re8 18. a3 a5 19. Rab1 a4 20. b4 cxb4 21. Rxb4 Nxd5 22. Qxe4 Nxb4 23. axb4 d5 24. cxd5 Bc5 25. Qxe8+ Qxe8 26. Bxc5 Qxe2 27. d6 a3 28. Rf2 Qd1+ 29. Rf1 Qxf1+ 30. Kxf1 a2 31. Bd4 a1Q+ 32. Bxa1 Rxa1+ 33. Ke2 Kf8 34. Kd3 Ke8 0-1

[Event "COL-ch pre olympic (Women)"]
[Site "Bagre"]
[Date "2018.06.22"]
[Round "8"]
[White "Rivera, Ingris"]
[Black "Lugo Lozano, Luz Adriana"]
[Result "1/2-1/2"]
[WhiteElo "2216"]
[BlackElo "1941"]
[PlyCount "163"]
[EventDate "2018.06.18"]
[EventType "tourn"]
[EventRounds "11"]
[EventCountry "COL"]
[SourceTitle "CBM 185 Extra"]
[Source "ChessBase"]
[SourceDate "2018.07.29"]
[SourceVersion "1"]
[SourceVersionDate "2018.07.29"]
[SourceQuality "1"]

1. d4 d5 2. c4 c6 3. Nc3 Nf6 4. Nf3 e6 5. e3 Nbd7 6. Be2 Bd6 7. 0-0 0-0 8. b3 Qe7 9. Bb2 b6 10. Qc2 Bb7 11. Rfd1 Rfd8 12. a4 h6 13. a5 dxc4 14. bxc4 bxa5 15. Rxa5 Bb4 16. Ra2 c5 17. Rda1 a5 18. Nd2 Qd6 19. Nb3 cxd4 20. exd4 Qf4 21. g3 Qc7 22. f3 Bc6 23. Kf2 Nb6 24. Nd1 a4 25. Nd2 e5 26. c5 Nbd7 27. dxe5 Nxe5 28. Nc4 Bxc5+ 29. Nce3 Qd6 30. Rc1 Bd4 31. Bxd4 Qxd4 32. Qc5 Bxf3 33. Qxd4 Rxd4 34. Bxf3 Nd3+ 35. Kf1 Nxc1 36. Rc2 Ne4 37. Bxe4 Rxe4 38. Rxc1 a3 39. Ra1 a2 40. Ke2 Rb4 41. Nc3 Rb2+ 42. Kd3 Rxh2 43. Nc2 Rg2 44. Rxa2 Rxg3+ 45. Ne3 Rd8+ 46. Ke2 Re8 47. Ncd1 f5 48. Kf2 f4 49. Nf1 Rd3 50. Nb2 Rd4 51. Ra3 g5 52. Nd3 Kg7 53. Ne1 Rde4 54. Nf3 Re2+ 55. Kg1 Kg6 56. Nd4 Rb2 57. Ra6+ Kh5 58. Nf5 Rh8 59. Ng7+ Kg4 60. Nh2+ Rxh2 61. Kxh2 Rg8 62. Ra7 Rd8 63. Ra2 Rd3 64. Ne6 Re3 65. Nd4 f3 66. Kg1 Re4 67. Nc2 Kg3 68. Ra1 h5 69. Kf1 h4 70. Ra5 g4 71. Ne1 Rb4 72. Ra1 h3 73. Kg1 f2+ 74. Kf1 fxe1Q+ 75. Rxe1 Rf4+ 76. Kg1 Kh4 77. Re8 Kg3 78. Re3+ Rf3 79. Re1 h2+ 80. Kh1 Kf2 81. Ra1 g3 82. Rf1+ 1/2-1/2

[Event "COL-ch pre olympic (Women)"]
[Site "Bagre"]
[Date "2018.06.20"]
[Round "5"]
[White "Franco Valencia, Angela Maria"]
[Black "Lugo Lozano, Luz Adriana"]
[Result "1-0"]
[WhiteElo "2108"]
[BlackElo "1941"]
[PlyCount "75"]
[EventDate "2018.06.18"]
[EventType "tourn"]
[EventRounds "11"]
[EventCountry "COL"]
[SourceTitle "CBM 185 Extra"]
[Source "ChessBase"]
[SourceDate "2018.07.29"]
[SourceVersion "1"]
[SourceVersionDate "2018.07.29"]
[SourceQuality "1"]

1. e4 c5 2. Nf3 d6 3. d4 cxd4 4. Nxd4 Nf6 5. Nc3 a6 6. Be2 e5 7. Nb3 Be6 8. f4 Qc7 9. g4 Be7 10. g5 Nfd7 11. f5 Bc4 12. Be3 Bxe2 13. Qxe2 Nb6 14. 0-0-0 N8d7 15. Kb1 Rc8 16. h4 Nc4 17. Nd5 Qc6 18. f6 gxf6 19. Nxe7 Kxe7 20. gxf6+ Nxf6 21. Bg5 h6 22. Bxf6+ Kxf6 23. Rh3 Ke7 24. Rf1 Rhf8 25. Rhf3 Rc7 26. Ka1 a5 27. Nc1 a4 28. Rc3 Qc5 29. b3 b5 30. bxc4 bxc4 31. Rcf3 Qb5 32. c3 Rb7 33. Qc2 a3 34. Ne2 Qc6 35. Ng3 Rb2 36. Qc1 Qb6 37. Nf5+ Ke6 38. Nxd6 1-0

[Event "COL-ch pre olympic (Women)"]
[Site "Bagre"]
[Date "2018.06.20"]
[Round "4"]
[White "Lugo Lozano, Luz Adriana"]
[Black "Munoz Monroy, Cinthya Carolina"]
[Result "0-1"]
[WhiteElo "1941"]
[BlackElo "2066"]
[PlyCount "72"]
[EventDate "2018.06.18"]
[EventType "tourn"]
[EventRounds "11"]
[EventCountry "COL"]
[SourceTitle "CBM 185 Extra"]
[Source "ChessBase"]
[SourceDate "2018.07.29"]
[SourceVersion "1"]
[SourceVersionDate "2018.07.29"]
[SourceQuality "1"]

1. d4 Nf6 2. c4 c5 3. d5 b5 4. cxb5 a6 5. b6 e6 6. Nc3 exd5 7. Nxd5 Nxd5 8. Qxd5 Nc6 9. Nf3 Rb8 10. e4 Be7 11. Bc4 0-0 12. 0-0 Rxb6 13. Bd2 d6 14. Bc3 Bf6 15. Rad1 Be6 16. Qd3 Bxc4 17. Qxc4 Qe7 18. Rd5 Re8 19. Rfd1 Nb4 20. Bxb4 Rxb4 21. Qxa6 Rxb2 22. Qxd6 Qxd6 23. Rxd6 h6 24. e5 Bxe5 25. Nxe5 Rxe5 26. a4 Ra2 27. Ra6 Ree2 28. Rf1 c4 29. h3 c3 30. a5 c2 31. Ra8+ Kh7 32. a6 Rd2 33. Re8 Rd1 34. Rc8 Rxf1+ 35. Kxf1 Ra1+ 36. Ke2 c1Q 0-1

[Event "COL pre olympic sf3"]
[Site "Dosquebradas"]
[Date "2018.06.03"]
[Round "9"]
[White "Lugo Lozano, Luz Adriana"]
[Black "Martinez, Julian"]
[Result "0-1"]
[WhiteElo "1941"]
[BlackElo "2115"]
[PlyCount "88"]
[EventDate "2018.05.30"]
[EventType "swiss"]
[EventRounds "10"]
[EventCountry "COL"]
[SourceTitle "CBM 184 Extra"]
[Source "ChessBase"]
[SourceDate "2018.06.28"]
[SourceVersion "1"]
[SourceVersionDate "2018.06.28"]
[SourceQuality "1"]

1. d4 e5 2. dxe5 d6 3. exd6 Bxd6 4. Nf3 Nc6 5. Nc3 Qe7 6. Bg5 f6 7. Bh4 Bg4 8. e3 0-0-0 9. Bd3 g5 10. Bg3 Bxg3 11. hxg3 Qb4 12. Qd2 Qxb2 13. 0-0 Nh6 14. a3 Qb6 15. Na4 Qa5 16. Qxa5 Nxa5 17. Nd4 b6 18. f3 Bd7 19. Nc3 c5 20. Ndb5 Bxb5 21. Nxb5 a6 22. Nc3 c4 23. Be4 f5 24. Bd5 Rhe8 25. Kf2 Ng8 26. Rad1 Nf6 27. Bf7 Re7 28. Rxd8+ Kxd8 29. Rd1+ Kc7 30. Bd5 b5 31. e4 fxe4 32. Nxe4 Nxd5 33. Rxd5 h6 34. a4 Rd7 35. Rc5+ Kb6 36. axb5 axb5 37. Rf5 b4 38. Rf6+ Kb5 39. Rxh6 b3 40. cxb3 cxb3 41. Rh1 Kb4 42. Ke2 Nc4 43. f4 g4 44. Rd1 Re7 0-1

[Event "COL-ch sf 2nd"]
[Site "Tunja"]
[Date "2018.04.21"]
[Round "9"]
[White "Nunez V, Gustavo Eduardo"]
[Black "Lugo Lozano, Luz Adriana"]
[Result "0-1"]
[WhiteElo "2226"]
[BlackElo "1880"]
[PlyCount "98"]
[EventDate "2018.04.17"]
[EventType "swiss"]
[EventRounds "10"]
[EventCountry "COL"]
[SourceTitle "CBM 184 Extra"]
[Source "ChessBase"]
[SourceDate "2018.06.28"]
[SourceVersion "1"]
[SourceVersionDate "2018.06.28"]
[SourceQuality "1"]

1. e4 c5 2. c4 Nc6 3. Nf3 e6 4. Nc3 Nf6 5. Be2 d5 6. exd5 exd5 7. d4 Be7 8. dxc5 dxc4 9. Qxd8+ Nxd8 10. Nb5 0-0 11. Nc7 Rb8 12. Bf4 Nc6 13. 0-0 Bf5 14. Bxc4 Bxc5 15. Nd5 Rbc8 16. Nxf6+ gxf6 17. Rac1 Nd4 18. Nxd4 Bxd4 19. b3 Bb2 20. Rcd1 Kg7 21. Rfe1 Rfe8 22. Rxe8 Rxe8 23. Be3 b6 24. a4 Re7 25. Kf1 Bc3 26. Rd8 Be6 27. Ke2 Rc7 28. Kd3 Be5 29. Ra8 Bf5+ 30. Ke2 Be4 31. Rd8 Bxg2 32. f4 Bb2 33. Kd2 f5 34. Bd4+ Bxd4 35. Rxd4 Be4 36. Rd6 Re7 37. Kc3 Bb7 38. Kb4 Bc8 39. Kb5 Be6 40. Bxe6 fxe6 41. Ka6 Kf7 42. Rd1 Kf6 43. Rf1 e5 44. fxe5+ Kxe5 45. Re1+ Kf6 46. Rf1 Ke5 47. Re1+ Kd6 48. Rd1+ Kc5 49. Rf1 Rf7 0-1

[Event "COL-ch Universities (Women)"]
[Site "Bogota"]
[Date "2015.10.06"]
[Round "4"]
[White "Lugo Lozano, Luz Adriana"]
[Black "Galvis Pedraza, Maryory"]
[Result "1-0"]
[WhiteElo "1918"]
[BlackElo "1760"]
[PlyCount "39"]
[EventDate "2015.10.05"]
[EventType "swiss"]
[EventRounds "6"]
[EventCountry "COL"]
[SourceTitle "CBM 168 Extra"]
[Source "ChessBase"]
[SourceDate "2015.10.29"]
[SourceVersion "1"]
[SourceVersionDate "2015.10.29"]
[SourceQuality "1"]

1. d4 c5 2. Nf3 Nf6 3. Bf4 e6 4. e3 Qb6 5. Qc1 cxd4 6. exd4 Nc6 7. c3 Be7 8. Bd3 d6 9. Nbd2 0-0 10. 0-0 Qa5 11. Re1 b5 12. Ne4 Rd8 13. Nxf6+ Bxf6 14. Bg5 Bxg5 15. Qxg5 Bb7 16. Bxh7+ Kxh7 17. Qh5+ Kg8 18. Ng5 Qc7 19. Qh7+ Kf8 20. Rxe6 1-0

[Event "Bogota Students-ch (Women) 22th"]
[Site "Bogota"]
[Date "2013.11.03"]
[Round "1"]
[White "Lugo Lozano, Luz Adriana"]
[Black "Agudelo Rodriguez, Carmen Emilia"]
[Result "0-1"]
[WhiteElo "1918"]
[BlackElo "1617"]
[PlyCount "64"]
[EventDate "2013.11.03"]
[EventType "swiss"]
[EventRounds "6"]
[EventCountry "COL"]
[SourceTitle "EXT 2014"]
[Source "ChessBase"]
[SourceDate "2013.11.20"]
[SourceVersion "1"]
[SourceVersionDate "2013.11.20"]
[SourceQuality "1"]

1. d4 g6 2. Nf3 Bg7 3. Bf4 d6 4. h3 Nf6 5. e3 a6 6. Be2 0-0 7. 0-0 Nbd7 8. c3 b5 9. Qc2 Bb7 10. Nbd2 c5 11. a3 Rc8 12. Bh2 Qb6 13. Qb1 Qc6 14. Ne1 e5 15. Bf3 Qb6 16. Bxb7 Qxb7 17. Nef3 Rfe8 18. Qa2 Qd5 19. Qxd5 Nxd5 20. Ne4 Rc6 21. dxe5 dxe5 22. Rfd1 N5b6 23. b3 f5 24. Nd6 Re6 25. Nb7 e4 26. Ne1 Bxc3 27. Rac1 Bf6 28. g4 fxg4 29. hxg4 c4 30. Na5 Rc8 31. bxc4 bxc4 32. Nxc4 Rec6 0-1

[Event "Wch U18 Girls"]
[Site "Maribor"]
[Date "2012.11.18"]
[Round "11.24"]
[White "Santeramo, Alessia Carmen"]
[Black "Lugo Lozano, Luz Adriana"]
[Result "1-0"]
[WhiteElo "1865"]
[BlackElo "1961"]
[PlyCount "55"]
[EventDate "2012.11.08"]
[EventType "swiss"]
[EventRounds "11"]
[EventCountry "SLO"]
[SourceTitle "EXT 2013"]
[Source "ChessBase"]
[SourceDate "2012.11.22"]
[SourceVersion "1"]
[SourceVersionDate "2012.11.22"]
[SourceQuality "1"]

1. e4 Nf6 2. e5 Nd5 3. d4 d6 4. Nf3 Nc6 5. c4 Nb6 6. exd6 exd6 7. Be2 Be7 8. 0-0 0-0 9. Nc3 Bg4 10. b3 Re8 11. h3 Bh5 12. Be3 Bf6 13. Qd2 Qd7 14. Rac1 Re7 15. g4 Bxg4 16. hxg4 Qxg4+ 17. Kh1 Rae8 18. Rg1 Qh3+ 19. Nh2 Rxe3 20. fxe3 Rxe3 21. Bg4 Qh6 22. Nd1 Bg5 23. Nxe3 Bxe3 24. Rce1 f5 25. Qxe3 Qxe3 26. Rxe3 fxg4 27. Nxg4 g6 28. Nf6+ 1-0

[Event "Wch U18 Girls"]
[Site "Maribor"]
[Date "2012.11.16"]
[Round "9.25"]
[White "Raja, Bhuvaneshwari"]
[Black "Lugo Lozano, Luz Adriana"]
[Result "0-1"]
[WhiteElo "1717"]
[BlackElo "1961"]
[PlyCount "76"]
[EventDate "2012.11.08"]
[EventType "swiss"]
[EventRounds "11"]
[EventCountry "SLO"]
[SourceTitle "EXT 2013"]
[Source "ChessBase"]
[SourceDate "2012.11.22"]
[SourceVersion "1"]
[SourceVersionDate "2012.11.22"]
[SourceQuality "1"]

1. c4 Nf6 2. Nc3 e6 3. Nf3 d5 4. cxd5 exd5 5. d4 c6 6. Qc2 Bd6 7. Bg5 h6 8. Bh4 0-0 9. e3 Be7 10. Bd3 Re8 11. 0-0 Nbd7 12. Rab1 Ne4 13. Bxe7 Qxe7 14. b4 a6 15. a4 Ndf6 16. b5 Nxc3 17. Qxc3 Ne4 18. Bxe4 dxe4 19. Ne5 c5 20. b6 Qg5 21. f4 exf3 22. Rxf3 cxd4 23. exd4 Be6 24. Rbf1 Rac8 25. Qb2 f6 26. Rg3 Qh4 27. Ng6 Qe4 28. d5 Rc2 29. Qa1 Bxd5 30. Nf4 Qe5 31. Qd1 Be4 32. Qg4 f5 33. Qg6 Rc6 34. Qh5 Rxb6 35. Ng6 Qd4+ 36. Kh1 Rb1 37. Rxb1 Bxb1 38. h4 Re1+ 0-1

[Event "Wch U18 Girls"]
[Site "Maribor"]
[Date "2012.11.12"]
[Round "5.26"]
[White "Protsyuk, Svitlana"]
[Black "Lugo Lozano, Luz Adriana"]
[Result "1-0"]
[WhiteElo "1754"]
[BlackElo "1961"]
[PlyCount "71"]
[EventDate "2012.11.08"]
[EventType "swiss"]
[EventRounds "11"]
[EventCountry "SLO"]
[SourceTitle "EXT 2013"]
[Source "ChessBase"]
[SourceDate "2012.11.22"]
[SourceVersion "1"]
[SourceVersionDate "2012.11.22"]
[SourceQuality "1"]

1. e4 Nf6 2. e5 Nd5 3. c4 Nb6 4. b3 Nc6 5. Bb2 e6 6. Nf3 Be7 7. d4 0-0 8. Nc3 d6 9. exd6 cxd6 10. Be2 d5 11. 0-0 dxc4 12. bxc4 Na5 13. c5 Nbc4 14. Bc1 b6 15. cxb6 axb6 16. Ne5 Nxe5 17. dxe5 Qc7 18. Qd4 Nb3 19. axb3 Rxa1 20. Nd5 exd5 21. Qxa1 Bb7 22. Be3 Ra8 23. Qd4 Bc5 24. Qc3 Qe7 25. Bf4 f6 26. Bf3 Bb4 27. exf6 gxf6 28. Qd4 Bc5 29. Qd3 Ba6 30. Qxd5+ Kg7 31. Qxa8 Bxf2+ 32. Kxf2 Qc5+ 33. Be3 Qc2+ 34. Kg1 Bxf1 35. Kxf1 Qb1+ 36. Kf2 1-0

[Event "Wch U18 Girls"]
[Site "Maribor"]
[Date "2012.11.09"]
[Round "2.26"]
[White "Lugo Lozano, Luz Adriana"]
[Black "Orbezo Rosales, Ximena Lucia"]
[Result "0-1"]
[WhiteElo "1961"]
[BlackElo "1792"]
[PlyCount "110"]
[EventDate "2012.11.08"]
[EventType "swiss"]
[EventRounds "11"]
[EventCountry "SLO"]
[SourceTitle "EXT 2013"]
[Source "ChessBase"]
[SourceDate "2012.11.22"]
[SourceVersion "1"]
[SourceVersionDate "2012.11.22"]
[SourceQuality "1"]

1. d4 Nf6 2. Nf3 g6 3. Bf4 Bg7 4. e3 d6 5. Be2 0-0 6. 0-0 Nc6 7. h3 Nd7 8. c3 e5 9. Bg3 h6 10. Nbd2 f5 11. dxe5 dxe5 12. Nc4 Qe7 13. Qd5+ Kh7 14. Rfe1 Nf6 15. Qb5 a6 16. Qb3 Ne4 17. Bh2 b6 18. Rad1 Bb7 19. Qc2 Ng5 20. Nxg5+ Qxg5 21. f4 exf4 22. exf4 Qe7 23. Bf1 Qc5+ 24. Qf2 Qxf2+ 25. Kxf2 Rad8 26. Ne5 Rxd1 27. Rxd1 Rd8 28. Rxd8 Nxd8 29. Bd3 Ne6 30. g4 Nc5 31. Bc2 Ne4+ 32. Ke3 Bf8 33. Nd7 Be7 34. gxf5 gxf5 35. Ke2 Bd5 36. a3 Bc4+ 37. Ke3 Bd5 38. Bd3 a5 39. c4 Bc6 40. Ne5 Bc5+ 41. Ke2 Bb7 42. Nf3 Kg6 43. Ne5+ Kg7 44. Nd7 Bd4 45. Bxe4 Bxe4 46. b4 a4 47. c5 bxc5 48. Nxc5 Bb2 49. Nxa4 Bxa3 50. Nc5 Bd5 51. Nd3 Bc4 52. h4 Kg6 53. Kd2 Bxd3 54. Kxd3 Bxb4 55. Kc4 Be1 0-1